LEADER 00742nam0-22002891i-450- 001 990006473170403321 005 20001010 035 $a000647317 035 $aFED01000647317 035 $a(Aleph)000647317FED01 035 $a000647317 100 $a20001010d--------km-y0itay50------ba 101 0 $aita 105 $ay-------001yy 200 1 $aAfrican Literature$ea critical view$fDavid Cook 210 $aLondon$cLongman$d1977. 215 $aXIV, 240 p.$d22 cm 676 $a896 700 1$aCook,$bDavid$0373905 801 0$aIT$bUNINA$gRICA$2UNIMARC 901 $aBK 912 $a990006473170403321 952 $aXIV E 1256$b14181$fFSPBC 959 $aFSPBC 996 $aAfrican Literature$9651844 997 $aUNINA DB $aGEN01 LEADER 01455nam2 22003011i 450 001 RML0311805 005 20231121125751.0 100 $a20121121d2004 ||||0itac50 ba 101 | $aita 102 $ait 181 1$6z01$ai $bxxxe 182 1$6z01$an 200 1 $a˜6. œCultura$fa cura di Biagio Dradi Maraldi$gFabrizio Lollini, Maurizio Ridolfi, Alice Cencetti, Franco Fioravanti, Pier Giovanni Fabbri 210 $aRimini $cGhigi $d2004-2005 215 $a2 v.$d23 cm 300 $aVol. 1.: VII, 510 p., [99] c. di tav., [10] p. di tav. : ill. ; 24 cm.. -Vol. 2.: VIII, 700 p., [52] p. di tav., [12] c. di tav. : ill. ; 24 cm. 461 1$1001RML0269454$12001 $aStoria di Cesena$fcoordinatore dell'opera Biagio Dradi Maraldi 700 1$aDradi Maraldi$b, Biagio$3RMLV173749$0216805 701 1$aRidolfi$b, Maurizio$3RMLV189384$0118596 701 1$aLollini$b, Fabrizio$3RMLV201308$0256207 801 3$aIT$bIT-01$c20121121 850 $aIT-FR0017 899 $aBiblioteca umanistica Giorgio Aprea$bFR0017 912 $aRML0311805 950 2$aBiblioteca umanistica Giorgio Aprea$d 52CIS 3/235.6.1$e 52VM 0000822575 VM barcode:00076231. - Inventario:33820 FLSVM$fA $h20100315$i20121204$d 52CIS 3/235.6.2$e 52VM 0000822565 VM barcode:00076232. - Inventario:33821 FLSVM$fA $h20100315$i20121204 977 $a 52 996 $aCultura$93632119 997 $aUNICAS